1577 1036 1144 1091 1542 1002 1293 1190 1448 1355 1247 1642 1629 1577 1148 1390 1163 1156 1165 1831 1182 1611 1697 1639 1551 1819 1444 1199 1738 1838 1284 1612 1655 1755 1016 1527 1418 1674 1940 1259 1306 1288 1537 1824 1264 1161 1889 1996 1542 1363 1335 1757 1027 1869 1743 1457 1204 1799 1232 1016 1284 1044 1952 1716 1790 1050 1968 1879 1237 1962 1875 1028 1164 1820 1450 1893 1015 1907 1977 1460 1701 1892 1318 1664 1517 1534 1045 1469 1390 1605 1126 1574 1434 1108 1102 1176 1079 1473 1837 BCNSPRNW ULIB Ver.6.0+V

เปลี่ยนเป็นภาษาไทย

Change to English
 แสดงรายละเอียดบรรณานุกรม
  กลับหน้าหลัก

Brief Record : Get Marc (ISO 2709) : E-mail record : QR code < ปิดหน้าต่าง
LEADER : 00000nam 2200000uu 4500
001    13399125896
003     ULIB
008    170925s2556||||th 000 0 tha d
020    ^a9786165381567
050  4 ^aLB1060^bส291ก
100 0  ^aศศิธร เวียงวะลัย
245 10 ^aการจัดการเรียนรู้ Learning Management /^cศศิธร เวียงวะลัย
260    ^aกรุงเทพฯ :^bโอเดียนสโตร์,^c2556
300    ^a262 หน้า
500    ^aชื่อเรื่องจากปกนอก
650  4 ^aการเรียนรู้^xการจัดการ
650  4 ^aกิจกรรมการเรียนการสอน
945    ^p0^l0^i003351
945    ^p0^l0^i003352
999    ^aประนอม เกษจรัล
รายการนี้ยังไม่มีแท็ก
คุณยังไม่ได้ล็อกอิน คุณสามารถมีกิจกรรมร่วมกับเว็บไซต์ได้ แต่ต้องล็อกอินก่อน ::
  ล็อกอิน

รายการสื่อสารสนเทศ

ลำดับที่ ประเภท เลขเรียก/บาร์โค้ด สถานที่ สถานะ
1. วิทยาศาสตร์การแพทย์ และสุขภาพ
วิทยาศาสตร์การแพทย์ และสุขภาพ
สถานะ=หาย
LB1060 ส291ก ฉ.1 
  Barcode: 003351
ห้องสมุดวิทยาเขตนครสวรรค์
►นวนิยาย:l:Fiction
บนชั้น
2. วิทยาศาสตร์การแพทย์ และสุขภาพ
วิทยาศาสตร์การแพทย์ และสุขภาพ
LB1060 ส291ก ฉ.2 
  Barcode: 003352
ห้องสมุดวิทยาเขตนครสวรรค์
►นวนิยาย:l:Fiction
บนชั้น

รายการใกล้เคียง
    ผู้แต่ง [ศศิธร เวียงวะลัย]

    หัวเรื่อง [กิจกรรมการเรียนการสอน]

BibComment


ยังไม่เคยถูกคอมเมนท์

คอมเมนท์ทรัพยากรรายการนี้
  คอมเมนท์: การจัดการเรียนรู..


 Copyright 2026. Bcnsprnw @Library